000 00479 a2200157 4500
005 20250627165655.0
020 _a978-0-321-42827-1
082 _aLECT 330 MIL
100 _aMILLER, R. L.
245 _aEconomics Today
250 _a14th Ed.
260 _aBoston,
_bPearson Education,
_c2008.
300 _axxxiii, 944p.: ill.; figure, graph, picture, table.
_bGlossary & Index.
_c26cm.
856 _yAccess Online Book
_fEconomics Today
_dwww.aw-bc.com/economics
942 _2ddc
_cBKS
999 _c2084
_d2084